000 00290nam a2200109Ia 4500
001 1276744
005 20260417160453.0
008 260417s9999 xx 000 0 und d
020 _a9786052857540
245 0 _aBu Defteri Kimse Okumasın
_cJessica Scott Kerrin
260 _bTudem Yayınları
999 _c1276744
_d1276744